Swiss Railway Zurich S-Bahn Stops #3 - Statistics

General Stats
  • This quiz has been taken 126 times
  • The average score is 59 of 98
Answer Stats
S-Bahn Zürich % Correct
Zürich HB
96%
Zürich HB
96%
Zürich HB
96%
Zürich HB
96%
Winterthur
92%
Winterthur
92%
Zürich Hardbrücke
88%
Zürich Hardbrücke
88%
Zürich Hardbrücke
88%
Schaffhausen
87%
Sennhof-Kyburg
87%
Wil SG
87%
Zürich Stadelhofen
86%
Zürich Stadelhofen
86%
Zürich Stadelhofen
86%
Zürich Altstetten
85%
Zürich Altstetten
85%
Zürich Altstetten
85%
Dietikon
84%
Dietikon
84%
Seuzach
84%
Zürich Oerlikon
84%
Zürich Oerlikon
84%
Uster
82%
Uster
82%
Stettbach
80%
Stettbach
80%
Schlieren
79%
Schlieren
79%
Aarau
78%
Baden
78%
Killwangen-Spreitenbach
78%
Killwangen-Spreitenbach
78%
Rapperswil
78%
Brugg AG
76%
Neuhausen
71%
Wetzikon ZH
68%
Wetzikon ZH
68%
Hinwil
66%
Affoltern am Albis
65%
Andelfingen
64%
Dübendorf
62%
Glanzenberg
62%
Glanzenberg
62%
Wettingen
62%
Winterthur Grüze
62%
Winterthur Grüze
62%
Jona
61%
Wädenswil
61%
Wallisellen
61%
Glattbrugg
60%
Niederweningen
60%
Oberwinterthur
60%
Einsiedeln
59%
Lenzburg
59%
Winterthur Seen
59%
Urdorf
58%
Bubikon
56%
Rümlang
55%
Oberglatt ZH
54%
Rüti ZH
54%
Schloss Laufen am Rheinfall
54%
Schwerzenbach ZH
53%
Aathal
47%
Birmensdorf ZH
47%
Henggart
47%
Othmarsingen
47%
Turgi
47%
Marthalen
46%
Mellingen Heitersberg
46%
Nänikon-Greifensee
46%
Niederweningen Dorf
46%
Samstagern
45%
Urdorf Weihermatt
45%
Hettlingen
42%
Biberbrugg
41%
Bonstetten-Wettswil
41%
Dielsdorf
41%
Neuenhof
40%
Winterthur Hegi
40%
Elgg
38%
Schindellegi-Feusisberg
36%
Niederhasli
35%
Dachsen
34%
Hedingen
34%
Mägenwil
34%
Schöfflisdorf
33%
Steinmaur
29%
Aadorf
28%
Reutlingen
27%
Winterthur Wallrüti
27%
Burghalden
24%
Grüenfeld
22%
Sirnach
22%
Eschlikon
21%
Räterschen
21%
Guntershausen
18%
Schottikon
18%
No matching quizzes found
Score Distribution
Percent of People with Each Score
Percentile by Number Answered
Your Score History
You have not taken this quiz